Cyclisme : top 3 de chaque étape du Giro/Tour d’Italie 2022 - Statistiques

Statistiques générales
  • Ce quiz a été pris 337 fois
  • Le résultat moyen est 28 sur 63
Statistiques - réponses
Étapes Pos Coureur % Correct
Étape 9 1er Jai Hindley
94%
2ème Jai Hindley
94%
3ème Jai Hindley
94%
3ème Richard Carapaz
85%
3ème Richard Carapaz
85%
Étape 5 1er Arnaud Démare
77%
Étape 6 1er Arnaud Démare
77%
Étape 13 1er Arnaud Démare
77%
2ème Arnaud Démare
77%
2ème Romain Bardet
74%
Étape 1 1er Mathieu Van der Poel
73%
2ème Mathieu Van der Poel
73%
2ème Mathieu Van der Poel
73%
3ème Mathieu Van der Poel
73%
Étape 2 1er Simon Yates
64%
Étape 14 1er Simon Yates
64%
Étape 10 1er Biniam Girmay
62%
2ème Biniam Girmay
62%
2ème Caleb Ewan
57%
Étape 3 1er Mark Cavendish
57%
3ème Mark Cavendish
57%
3ème Mark Cavendish
57%
2ème Juan Pedro Lopez
51%
Étape 4 1er Lennard Kämna
49%
Étape 16 1er Jan Hirt
45%
3ème Jan Hirt
45%
Étape 15 1er Giulio Ciccone
43%
3ème Giulio Ciccone
43%
Étape 11 1er Alberto Dainese
42%
Étape 7 1er Koen Bouwman
42%
Étape 19 1er Koen Bouwman
42%
Étape 21 1er Matteo Sobrero
38%
Étape 20 1er Alessandro Covi
36%
2ème Fernando Gaviria
35%
2ème Fernando Gaviria
35%
3ème Fernando Gaviria
35%
3ème Pello Bilbao
34%
2ème Thymen Arensman
34%
2ème Thymen Arensman
34%
Étape 17 1er Santiago Buitrago
33%
2ème Santiago Buitrago
33%
3ème Tom Dumoulin
31%
Étape 8 1er Thomas De Gendt
29%
2ème Bauke Mollema
28%
Étape 18 1er Dries De Bondt
25%
Étape 12 1er Stefano Oldani
25%
2ème Edoardo Affini
23%
3ème Magnus Cort Nielsen
23%
3ème Giacomo Nizzolo
20%
2ème Mauro Schmid
20%
2ème Gijs Leemreize
18%
3ème Gijs Leemreize
18%
2ème Phil Bauhaus
18%
3ème Simone Consonni
17%
3ème Davide Formolo
16%
3ème Rein Taaramäe
16%
3ème Vincenzo Albanese
16%
2ème Domen Novak
14%
2ème Lorenzo Rota
14%
2ème Davide Gabburo
11%
3ème Antonio Pedrero
8%
3ème Alessandro Tonelli
7%
3ème Jorge Arcas
7%
Aucun quiz correspondant
Distribution des résultats
% des personnes avec chaque résultat
Percentile par nombre de réponses
Votre historique - résultats
Vous n’avez pas pris ce quiz